Intermediate Form of Building Contract for Works of Simple Content 1998 Edition (Record no. 99640)

MARC details
000 -LEADER
fixed length control field 00929cam a2200229 4500
001 - CONTROL NUMBER
control field ##L100529
008 - FIXED-LENGTH DATA ELEMENTS--GENERAL INFORMATION
fixed length control field 000000n1998 000 0 eng u
035 ## - SYSTEM CONTROL NUMBER
System control number (Sirsi) u100196
041 0# - LANGUAGE CODE
Language code of text/sound track or separate title eng
050 04 - LIBRARY OF CONGRESS CALL NUMBER
Classification number 692.8 $2 18
110 2# - MAIN ENTRY--CORPORATE NAME
Corporate name or jurisdiction name as entry element Joint Contracts Tribunal
9 (RLIN) 3664
240 10 - UNIFORM TITLE
Uniform title IFC 98
245 00 - TITLE STATEMENT
Title Intermediate Form of Building Contract for Works of Simple Content 1998 Edition
Remainder of title IFC 98
260 ## - PUBLICATION, DISTRIBUTION, ETC.
Place of publication, distribution, etc. London
Name of publisher, distributor, etc. RIBA Publications
Date of publication, distribution, etc. 1998
300 ## - PHYSICAL DESCRIPTION
Extent 64p.
Dimensions 30cm.
350 ## - PRICE (NR) (BK AM CF MU VM SE) [OBSOLETE]
Price 16
490 ## - SERIES STATEMENT
Series statement JCT Intermediate Form of Building Contract for Works of Simple Content (1998 Edition)
520 ## - SUMMARY, ETC.
Summary, etc. Superseded by JCT Intermediate Building Contract (2005 Edition) (ISBN 0418826900).
650 24 - SUBJECT ADDED ENTRY--TOPICAL TERM
Topical term or geographic name entry element JCT INTERMEDIATE FORM OF BUILDING CONTRACT FOR WORKS OF SIMPLE CONTENT (1998 EDITION)
690 ## - LOCAL SUBJECT ADDED ENTRY--TOPICAL TERM (OCLC, RLIN)
Topical term or geographic name as entry element BUILT ENVIRONMENT-BUILDING CONTRACT FORMS-STANDARD FORMS OF BUILDING CONTRACT-JOINT CONTRACTS TRIBUNAL CONTRACTS
942 ## - ADDED ENTRY ELEMENTS (KOHA)
Suppress in OPAC 0
Holdings
Withdrawn status Lost status Source of classification or shelving scheme Damaged status Not for loan Home library Current library Shelving location Date acquired Total Checkouts Full call number Barcode Date last seen Copy number Price effective from Koha item type
    Dewey Decimal Classification     London London Boxed set 01/10/1999   JCT 1998/30A 30058914 06/08/2019 1 06/08/2019 Reference material